000 00707nam a2200241Ia 4500
003 OSt
005 20220926023119.0
006 a|||||r|||| 00| 0
007 ta
008 220923b |||||||| |||| 00| 0 eng d
037 _cGeneral Book
040 _aRTL
_cRTL
_beng
041 _2eng
_aeng
082 _aX:8J, M4
100 _aPomeranz Falix
_9328709
245 0 _aManaging capital budget projects
_b a preemptive aud
260 _aNew York
_bWiley U S A
_c1984
300 _ax, 258p. Bib p 249-50
_ccm.
490 _aWiley Ronald series in professional accounting and business
650 _aAudit
942 _hX:8J, M4
_cGB
_2CC
999 _c640986
_d640986